|
|
|
|
| LEADER |
01699nam a2200445Ia 4500 |
| 001 |
EBC476269 |
| 003 |
MiAaPQ |
| 005 |
20200520144314.0 |
| 006 |
m o d | |
| 007 |
cr cn||||||||| |
| 008 |
090725s2010 enk sb 001 0 eng d |
| 010 |
|
|
|z 2009030159
|
| 020 |
|
|
|z 9780754676713 (hardback : alk. paper)
|
| 020 |
|
|
|a 9780754676720 (electronic bk.)
|
| 035 |
|
|
|a (MiAaPQ)EBC476269
|
| 035 |
|
|
|a (Au-PeEL)EBL476269
|
| 035 |
|
|
|a (CaPaEBR)ebr10356307
|
| 035 |
|
|
|a (CaONFJC)MIL928066
|
| 035 |
|
|
|a (OCoLC)647834383
|
| 040 |
|
|
|a MiAaPQ
|c MiAaPQ
|d MiAaPQ
|
| 050 |
|
4 |
|a HF1359
|b .K574 2010
|
| 082 |
0 |
4 |
|a 337.1
|2 22
|
| 100 |
1 |
|
|a Kirton, John J.
|
| 245 |
1 |
0 |
|a Making global economic governance effective
|h [electronic resource] :
|b hard and soft law institutions in a crowded world /
|c John Kirton, Marina Larionova and Paolo Savona.
|
| 260 |
|
|
|a Farnham, Surrey ;
|a Burlington, VT :
|b Ashgate,
|c c2010.
|
| 300 |
|
|
|a xviii, 345 p.
|
| 490 |
1 |
|
|a Global finance series
|
| 504 |
|
|
|a Includes bibliographical references and index.
|
| 533 |
|
|
|a Electronic reproduction. Ann Arbor, MI : ProQuest, 2015. Available via World Wide Web. Access may be limited to ProQuest affiliated libraries.
|
| 610 |
2 |
0 |
|a Group of Eight (Organization)
|
| 650 |
|
0 |
|a Economic policy
|x International cooperation.
|
| 650 |
|
0 |
|a Economic development
|x Finance.
|
| 650 |
|
0 |
|a Economic assistance.
|
| 650 |
|
0 |
|a International law.
|
| 655 |
|
4 |
|a Electronic books.
|
| 700 |
1 |
|
|a Larionova, Marina.
|
| 700 |
1 |
|
|a Savona, Paolo,
|d 1936-
|
| 710 |
2 |
|
|a ProQuest (Firm)
|
| 830 |
|
0 |
|a Global finance series.
|
| 856 |
4 |
0 |
|u https://ebookcentral.proquest.com/lib/matrademy/detail.action?docID=476269
|z Click to View
|